Narastanie významu archívnictva
Prehĺbenie úloh v bádateľskej činnosti, v ochrane a zriaďovaní fondov. Od 1.1.2003 nadobúda účinnosť nový zákon č. 395/2002 Z.z. o archívoch a registratúrach. Význam štátnych archívov v každej modernej a demokratickej spoločnosti. Základné pojmy a ustanovenia zákona. Práva a povinnosti. Odborný dozo...
Salvato in:
| Autore principale: | |
|---|---|
| Natura: | Capitolo di libro |
| Lingua: | slovacco |
| Soggetti: | |
| Tags: |
Nessun Tag, puoi essere il primo ad aggiungerne!!
|
MARC
| LEADER | 00000naa a2200000 4500 | ||
|---|---|---|---|
| 001 | r047292 | ||
| 005 | 20230927092046.7 | ||
| 041 | 0 | |a slo | |
| 044 | |a SK | ||
| 245 | 1 | 0 | |a Narastanie významu archívnictva |c Július Valach |
| 520 | |a Prehĺbenie úloh v bádateľskej činnosti, v ochrane a zriaďovaní fondov. Od 1.1.2003 nadobúda účinnosť nový zákon č. 395/2002 Z.z. o archívoch a registratúrach. Význam štátnych archívov v každej modernej a demokratickej spoločnosti. Základné pojmy a ustanovenia zákona. Práva a povinnosti. Odborný dozor a kontrola. | ||
| 610 | 2 | 0 | |a archívnictvo |
| 610 | 2 | 0 | |a archívy |
| 610 | 2 | 0 | |a zákony |
| 610 | 2 | 0 | |a pojmy |
| 610 | 2 | 0 | |a dozor |
| 610 | 2 | 0 | |a kontrola |
| 610 | 2 | 0 | |a Slovensko |
| 100 | 1 | |a Valach, Július | |